Statistiques concernant Quiz sur la civilisation aztèque

Cliquez ici pour prendre le quiz!

Statistiques générales

  • Ce quiz a été pris 19 fois
  • Le résultat moyen est 6 sur 16

Statistiques - réponses

IndicationsRéponses% Correct
Quelle est la ville contemporaine qui l'a remplacé ?Mexico
82%
Quel est le nom du Serpent à plume ?Quetzalcoatl
82%
Comment s'appelle le conquistador qui a conduit la guerre contre l'empire aztèque ?Hernán Cortés
76%
Comment s'appelle la ville la plus importante de l'empire à l'arrivée des espagnols ?Tenochtitlan
65%
Quelle est l'année de la chute de l'empire aztèque ?1521
53%
Comment s'appelle la traductrice qui l'a accompagné ?la Malinche
41%
Comment s'appellait l'empereur qui gouvernait lors de l'arrivée des conquistadors ?Moctezuma II (Motecuhzoma Xocoyotzin)
41%
Comment s'appelle le lac autour duquel se basait cet empire ?Texcoco
35%
Quel est le nom donné par les espagnols à la révolte des habitant de la ville contre les conquistadors entrainant leur première défaite contre l'empire et la mort de l'Empereur, ayant eu lieu le 30 juin ?La Noche Triste
29%
Comment s'appellait le peuple auquel appartenaient les aztèques ?Mexica
29%
Quel est le nom du dieu qui a commandé sa fondation, son nom signifie colibri du sud?Huitzilopochtli
24%
Comment s'appelle la ville légendaire dont les aztèques seraient originaire?Aztlan
18%
Comment s'appelle le dernier empereur de l'empire aztèque ?Cuauhtémoc
18%
Quel nom était donné aux empereurs de l'empire ?Huey Tlatoani
18%
Comment s'appelle le monolithe en forme de disque appelé abusivement "calendrier" qui servait d'autel ?Pierre du soleil
12%
Comment appelle-t-on le massacre perpetré par les conquistador après avoir capturé l'empereur pour éliminer la noblesse et le clergé aztèque, ayant eu lieu le 20 mai 1520 ?Massacre du templo Mayor
6%

Distribution des résultats

Percentile par nombre de réponses

% des personnes avec chaque résultat

Votre développement - résultats

Vous n’avez pas pris ce quiz